000
00329nam a2200121 a 4500
005
20140414093847.0
008
100223s19uu xx 00 eng d
050
_a
CDB 330
_b
PRI 2005
245
_a
Principles of Economics 7E / case & fair :
_b
Instructor's resource CD.
650
_a
Economics.
942
_c
AVM
999
_c
109649
_d
109649